| 000 | 00959nam a22002657a 4500 | ||
|---|---|---|---|
| 001 | 4445 | ||
| 003 | FISKH | ||
| 005 | 20250423142251.0 | ||
| 008 | 240910b cb ||||| |||| 00| 0 eng d | ||
| 020 | _a9780761451518 | ||
| 040 |
_aFISKH _beng _cFISKH _dFISKH |
||
| 050 | _aPS3558.U22 | ||
| 082 | _2811.54 | ||
| 100 |
_aHubbell, Patricia _d1928- |
||
| 245 |
_aBoo! halloween poems and limericks / _cPatricia Hubbell illustrations by Jeff Spackman |
||
| 250 | _aFirst paperback edition 2003 | ||
| 260 |
_aNew York : _bMarshall Cavendish, _c1998. |
||
| 300 |
_a40 pages : _bColor illustrations ; _c28cm |
||
| 520 | _aA collection of limericks and other poems about Halloween, including "Halloween Scarecrow," "There Once Was a Witch from North Dublin," and "Pumpkin Surprise." | ||
| 650 |
_2Halloween _aScary _vWitches |
||
| 650 |
_2Skeletons _aGoblins _vChildren's picture book |
||
| 700 |
_aSpackman, Jeff _dIllustrator |
||
| 942 |
_2ddc _cBK _n0 |
||
| 999 |
_c4445 _d4445 |
||